| 000 | 00858cam a2200217 4500 | ||
|---|---|---|---|
| 001 | R328 | ||
| 008 | 1979 o | ||
| 035 | _a(Sirsi) u6303 | ||
| 041 | _aeng | ||
| 050 | _a728 $2 18 | ||
| 100 | _aMunro, Bruce | ||
| 245 | _aEnglish houses | ||
| 260 |
_aLondon _bEstates Gazette _c1979 |
||
| 300 |
_a80p. _billus. _c30cm. |
||
| 350 | _a1.5 | ||
| 520 | _aDetails key features of houses built in England. Considers houses built during historical periods, from the Tudor period to the 1970s. Examines types of building feature including orders, arches, roofs, and building and roofing materials. Examines designs popular during different periods and presents photographic examples. | ||
| 651 | 4 |
_aEngland _y886- |
|
| 690 | _aBUILT ENVIRONMENT-BUILDING ELEMENTS-COMPLETE BUILDING ELEMENTS | ||
| 942 | _n0 | ||
| 948 | _c04/03/1997 | ||
| 999 |
_c86272 _d86272 |
||